000 00713nam a2200205 a 4500
001 000025941
005 20200930024153.0
008 110224s1983 ve r 000 f spa d
020 _a8472225399
040 _aDO-SdBNP
_bspa
_cBNPHU
082 _axxx
_bE71
245 0 0 _aEróticos, erotómanos y otras especies :
_bantología del relato erótico venezolano /
_cselección y epílogo de R. J. Lovera De-Sola.
260 _aCaracas, Venezuela :
_bAlfadil Ediciones,
_c1983.
300 _a202 p. ;
_c20 cm.
490 1 _aOrinoco
_v5
504 _aIncluye referencias bibliográficas y notas al pie de las páginas
700 1 _aLovera de Sola, R. J.
_eed.
_944409
830 0 _aOrinoco ;
_v5
_921401
049 _aBNGR
999 _c25433
_d25433